LEADER 01099nam0-22002891i-450- 001 990006230280403321 005 19980601 035 $a000623028 035 $aFED01000623028 035 $a(Aleph)000623028FED01 035 $a000623028 100 $a19980601d1960----km-y0itay50------ba 105 $a--------00-yy 200 1 $aEtude empirique sur l'evolution des structures d'economie en Etat de croissance (et perspectives nouvelles pour la formulation de programmes de developpement)$fPhilippe Carre'. 210 $aParis$cEditions du Centre National de la Recherche Scientifique$d1960 215 $a51 p.$d24 cm 225 1 $a"Centre d'econometrie. Monographies$v2 676 $a330.015 195 700 1$aCarre',$bPhilippe$0235789 801 0$aIT$bUNINA$gRICA$2UNIMARC 901 $aBK 912 $a990006230280403321 952 $aXV I 118 (2)$b62083$fFGBC 959 $aFGBC 996 $aEtude empirique sur l'evolution des structures d'economie en Etat de croissance (et perspectives nouvelles pour la formulation de programmes de developpement$9636260 997 $aUNINA DB $aGIU01 LEADER 01300nam 2200409 450 001 9910298241403321 010 $a0-12-407245-3 035 $a(CKB)4100000001040072 035 $a(MiAaPQ)EBC5124550 035 $a(PPN)238459640 035 $a(EXLCZ)994100000001040072 100 $a20171211h20182018 uy 0 101 0 $aeng 135 $aurcnu|||||||| 181 $2rdacontent 182 $2rdamedia 183 $2rdacarrier 200 00$aOccupancy estimation and modeling $einferring patterns and dynamics of species occurrence /$fDarryl I. MacKenzie [and five others] 205 $aSecond edition. 210 1$aLondon, England :$cAcademic Press,$d2018. 210 4$dİ2018 215 $a1 online resource (668 pages) $cillustrations 311 $a0-12-407197-X 320 $aIncludes bibliographical references and index. 606 $aAnimal populations$xEstimates 606 $aAnimal populations$xMathematical models 615 0$aAnimal populations$xEstimates. 615 0$aAnimal populations$xMathematical models. 676 $a591.524 702 $aMacKenzie$b Darryl I. 801 0$bMiAaPQ 801 1$bMiAaPQ 801 2$bMiAaPQ 906 $aBOOK 912 $a9910298241403321 996 $aOccupancy estimation and modeling$92158515 997 $aUNINA